00541cam a22002171 4500001001300000003000400013005001700017008004100034010001700075035002000092040001800112042001200130050001700142100003500159245003100194260001100225300002300236500001800259650002900277999001700306sa 68018717 DLC20260227112714.0891005s1965 ce 000 0 sino  asa 68018717  a(OCoLC)20446069 aDLCcWaUdDLC apremarc00aPL4754b.D351 aDammaratana, Hisselle,cThera.10aDraviḍa vyākaraṇaya. c[1965] axi, 121 p.c19 cm. aIn Sinhalese. 0aTamil languagexGrammar. c88603d88603